Quizz sur Bordeaux - Statistiques

Statistiques générales
  • Ce quiz a été pris 476 fois
  • Le résultat moyen est 9 sur 15
Statistiques - réponses
Hint Réponse % Correct
Quelle est la spécialité culinaire de Bordeaux? Le cannelé
93%
Quel chef connu a un restaurant à Bordeaux? Philippe Etchebest
93%
Quel est le mot que les bordelais utilisent tout le temps Gavé
84%
Comment s'appelle l'équipe de rugby de Bordeaux? L'UBB
84%
Quel est le nom du restaurant où il y'a toujours de la queue? L'entrecôte
83%
Quel tram est tout le temps en panne? Le tram B
72%
Où les bordelais vont acheter leurs livres? A mollat
68%
Quel lycée se situe rue sainte catherine? Le lycée Montaigne
59%
Où les mineurs vont en boite? Au théatro
56%
Comment les bordelais appellent le "Cap ferret" Le ferret
49%
Comment se nomme la fête foraine place des quinconces? La foire aux plaisirs
47%
Où aller prendre deux pintes et un saucisson pour 10 euros? Au carnaval café
29%
Comment se nomment les soirées à Darwin le mercredi soir? Les heures heureuses
21%
Comment le festival qui a lieu à peixotto? Le festival ODP
20%
Où le troisième Monzù vient-il d'ouvrir? Aux chartrons
15%
Aucun quiz correspondant
Distribution des résultats
% des personnes avec chaque résultat
Percentile par nombre de réponses
Votre historique - résultats
Vous n’avez pas pris ce quiz